00350nam a2200133Ia 4500008004100000041000800041082001500049100001700064245004400081250000700125260004200132300003300174365000900207240624s9999 xx 000 0 und d aeng a332.63 POZ aPOZEN ROBERT aFUND INDUSTRY HOW YOUR MONEY IS MANAGED a11 c2011aNew JerseybJohn Wiley and Sons axviii, : 526 : p. : cm. ; 23 cb27